Medicine wheels : ancient teachings for modern times

Αποθηκεύτηκε σε:
Λεπτομέρειες βιβλιογραφικής εγγραφής
Κύριος συγγραφέας: Wilson, Roy I.
Μορφή: Βιβλίο
Γλώσσα:English
Δημοσίευση: New York : Crossroad, c1994
Θέματα:
Ετικέτες: Προσθήκη ετικέτας
Δεν υπάρχουν, Καταχωρήστε ετικέτα πρώτοι!

MARC

LEADER 00000nam a2200000 i 4500
001 1/94512
008 991126s1994 eng d
020 |a 0-8245-1416-5 
035 |l 10054847 
040 |a GR-MY-UA  |b gre  |e aacr 
041 0 |a eng 
082 0 |a 299.74 
100 1 |a Wilson, Roy I. 
245 1 0 |a Medicine wheels :  |b ancient teachings for modern times /  |c by Roy I. Wilson 
260 |a New York :   |b Crossroad,   |c c1994 
300 |a 167 p. 
504 |a Includes bibliographical references 
650 0 0 |a Spiritual life  |x New Age movement. 
650 0 0 |a Medicine wheels  |x Miscellanea. 
650 0 0 |a Indians of North America  |x Rites and ceremonies  |x Miscellanea. 
852 |a INST  |b LESVOS  |e 19991126  |h 299.74 WIL  |p 005100022107  |q 005100022107  |t BK  |y 0 
901 |a BIBL1-2000-1 
909 |a Λ  |b 069783 
922 |a 1ΕΛΗ  |b 199910  |c ΚΠΣ/ΤΚ  |d ΠΑΠΑΣΩΤΗΡΙΟΥ 
950 |a 103-1998-07-27 
970 |a ΤΖΑΦΕΡΗ  |b ΕΥΑΓΓΕΛΙΑ  |z 2000/01/24